Brawler erraten - Statistiken

Allgemein
  • Dieses Quiz wurde 365 mal gespielt
  • Das Durchschnittsergebnis liegt bei 15 aus 16
Antwortstatistiken
Bildquiz Antwort % Korrekt
Spike
99%
El Primo
98%
Leon
98%
Poco
98%
Bull
97%
Crow
97%
Nita
97%
Sandy
96%
Carl
95%
Rico
95%
Rosa
95%
Amber
93%
Meg
89%
Sam
89%
Melodie
88%
Eve
87%
Keine übereinstimmenden Quizze gefunden
Verteilung der Resultate
Anzahl Personen mit jedem Resultat
Perzentil nach korrekt beantworteten Fragen
Ihre Resultats-Entwicklung
Sie haben dieses Quiz noch nicht gespielt